Commonly Misspelled Words #1 :-) - Statistics

General Stats
  • This quiz has been taken 234 times
    219 since last reset
  • The average score is 39 of 54
Answer Stats
Wrong spelling Answer % Correct
okasionally occasionally
95%
okkured occurred
95%
Independant Independent
94%
acheevement achievement
92%
ackomoddation accommodation
90%
fulllffilll fulfil
90%
lierr liar
90%
bycicle bicycle
89%
goverrmant government
87%
irelevent irrelevant
87%
reknowned renowned
87%
rassbery raspberry
86%
sircomestanses circumstances
83%
melenium millennium
83%
Oddessy Odyssey
82%
Absorpant Absorbent
81%
gaarenty guarantee
81%
menature miniature
81%
mescheeveus mischievous
81%
sheaperd shepherd
81%
previllage privilege
79%
pronounciation pronunciation
79%
rekkomendation recommendation
79%
tresshold threshold
79%
ukkelulu ukulele
79%
Hallaluja Hallelujah
78%
twellfe twelfth
77%
juwalary jewellery
75%
liason liaison
75%
seperraition separation
75%
farrenheight fahrenheit
74%
forrin foreign
74%
aqquiantence acquaintance
72%
reffurall referral
72%
kooly coolly
70%
indespensibel indispensable
69%
Summersalt Somersault
68%
reffarranse reference
67%
superseid supersede
66%
sirgean surgeon
66%
camettary cemetery
65%
unesseserely unnecessarily
65%
aqquet acquit
63%
curtteaus courteous
63%
cornssiense conscience
62%
akillmewlate accumulate
59%
unncornshusnes unconsciousness
58%
krisentamem chrysanthemum
43%
toomoral tomorrow
42%
mannoovere manoeuvre
41%
liquifie liquefy
37%
scareddue Schedule
27%
cyclephatic psychopathic
22%
fairroll pharaoh
16%
No matching quizzes found
Score Distribution
Percent of People with Each Score
Percentile by Number Answered
Your Score History
You have not taken this quiz since the last reset